Tejiendo Perú : (Record no. 23151)

000 -CABECERA
fixed length control field 01176nam a22002537i 4500
003 - IDENTIFICADOR DEL NÚMERO DE CONTROL
control field AR-CdUCM
008 - DATOS DE LONGITUD FIJA--INFORMACIÓN GENERAL
fixed length control field 241213b20212021 pe||||| |||| 00| 0 spa d
020 ## - NÚMERO INTERNACIONAL ESTÁNDAR DEL LIBRO
ISBN 978-612-319-568-1
040 ## - FUENTE DE LA CATALOGACIÓN
Agencia/entidad que catalogó originalmente la obra MUNICIPALIDAD PROVINCIAL DEL CUSCO
Entidad que transcribió la catalogación BIBLIOTECA MUNICIPAL DEL CUSCO
082 ## - NÚMERO DE LA CLASIFICACIÓN DECIMAL DEWEY
No. de Clasificación 746.14v / R84
Notacion interna R84
100 ## - ENTRADA PRINCIPAL--NOMBRE DE PERSONA
Nombre Personal Rosas, Esperanza
245 ## - MENCIÓN DE TÍTULO
Título Tejiendo Perú :
Resto del título Aprende la técnica del tejido con las youtubers más queridas del país /
260 ## - PUBLICACIÓN, DISTRIBUCIÓN, ETC.
Lugar de publicación, distribución, etc. Lima :
Nombre de la editorial, distribuidor, etc. Editorial Planeta Perú S.A.
Fecha de publicación, distribución, etc. 2021
300 ## - DESCRIPCIÓN FÍSICA
Nº de Páginas Extensión 195 páginas. :
Dimensiones 22cm.
505 ## - NOTA DE CONTENIDO CON FORMATO
Nota de contenido formateada Dos agujas: Chullos para grandes y chicos -- Botitas para bebes -- Bufanda infinita -- Chal calado con diseño de plumas -- Crochet: Alfombra de estrella -- Ruana chal en capas -- Top de verano -- Mochila con zorritos -- Bolsa de compras saludable -- Almohadón de un granny en capas a colores -- Atrapa sueños vigente arcoíris -- Colgante para macetitas -- Amigurumi
650 ## - PUNTO DE ACCESO ADICIONAL DE MATERIA--TÉRMINO DE MATERIA
Descriptor Tejido
9 (RLIN) 25306
650 ## - PUNTO DE ACCESO ADICIONAL DE MATERIA--TÉRMINO DE MATERIA
Descriptor Crochet
9 (RLIN) 50869
650 ## - PUNTO DE ACCESO ADICIONAL DE MATERIA--TÉRMINO DE MATERIA
Descriptor Técnicas
9 (RLIN) 975
700 ## - PUNTO DE ACCESO ADICIONAL--NOMBRE DE PERSONA
Nombre Personal Rosas, Ana Celia
9 (RLIN) 50870
856 ## - LOCALIZACIÓN Y ACCESO ELECTRÓNICOS
Dirección electrónica www.planetadelibros.com.pe
942 ## - ELEMENTOS DE PUNTO DE ACCESO ADICIONAL (KOHA)
Fuente de clasificación
Tipo de item Libros-BMC
945 ## - PROCESAMIENTO DE INFORMACIÓN LOCAL (OCLC)
Catalogador pbj
AAAA-MM-DD - Fecha de ingreso o modificacion 13-12-2024
Holdings
Estado de retiro (separado) Fuente de clasificación o esquema de estanterías Estado dañado Ubicación Sala donde se ubica Nombre de la colección Fecha de adquisición o compra Fuente de adquisición Costo, precio normal en soles Signatura topográfica Código de Barras Última vez visto (Koha) Tipo de ítem (Koha)
No     Sala Artes Sala Artes Book Cart 2024-12-13 Donación 15.00 746.14 / R84 SA0000000760 2024-12-13 Libros-BMC

Powered by Koha